La Eneida
-д хадгалсан:
| Үндсэн зохиолчид: | , |
|---|---|
| Формат: | Ном |
| Хэл сонгох: | испани |
| Хэвлэсэн: |
Barcelona
Iberia
1968
|
| Цуврал: | Obras Maestras
|
| Нөхцлүүд: | |
| Шошгууд: |
Шошго нэмэх
Шошго байхгүй, Энэхүү баримтыг шошголох эхний хүн болох!
|
MARC
| LEADER | 00000nam a2200000 a 4500 | ||
|---|---|---|---|
| 001 | UCO5533 | ||
| 003 | CL-VaPUC | ||
| 008 | 000908e19680000SP |||||||||||||||||spa|d | ||
| 082 | 0 | 4 | |a 873 |b VIR |2 21 |
| 100 | 0 | |a Virgilio |e author |9 266332 | |
| 700 | 0 | |a Virgilio Marón, Publio |e author |9 266333 | |
| 245 | 1 | 3 | |a La Eneida |
| 246 | 1 | 0 | |a Bucólicas |
| 246 | 1 | 0 | |a Geórgicas |
| 300 | |a 390 p | ||
| 942 | |c BK | ||
| 945 | |d 20000908 00:00:00 |a crobeson | ||
| 260 | |a Barcelona |b Iberia |c 1968 | ||
| 600 | 0 | 7 | |a VIRGILIO |2 CL-VaPUC |9 266332 |
| 650 | 0 | |a Poesías épicas latinas |9 265355 | |
| 650 | 0 | |a Literatura latina |9 258055 | |
| 583 | |a last modification |c 20121218 08:04:40 |k Rodrigo Vera | ||
| 490 | 0 | |a Obras Maestras | |
| 999 | |c 291390 |d 291388 | ||
| 952 | |0 0 |1 0 |4 0 |6 873_000000000000000_VIR_1968 |7 0 |8 A |9 341222 |a BIBART |b BIBART |d 2019-11-20 |i 1221388 |o 873 VIR 1968 |p 1221388 |r 2025-03-13 |w 2019-11-20 |y BK |k ART | ||